000 00420nam a2200133Ia 4500
008 220217s9999||||xx |||||||||||||| ||und||
020 _a978-81-315-0952-4
082 _a004.65 WHI
100 _aWhitman, Michael, E and Mattord, Herbert, J
_96519
245 0 _aPrinciples and practices of information security
260 _aCengage learning
_bNew Delhi
_c2010
300 _a444p.
_b315
650 _aCOMPUTER NETWORK
999 _c179034
_d179034